Technika a technológie v odpadovom hospodárstve 2009 : Medzinárodný seminár. Zvolen, SR, 17. september 2009

Gespeichert in:
Bibliographische Detailangaben
Format: Buch
Veröffentlicht: Zvolen : Technická univerzita vo Zvolene, 2009
Schlagworte:
Tags: Tag hinzufügen
Keine Tags, Fügen Sie das erste Tag hinzu!

MARC

LEADER 00000nam a22000003a 4500
001 stu190318
005 20150408163721.8
008 090922s2009----xo----------------------d
020 |a 978-80-228-2027-1 
040 |a STU  |b slo 
041 0
044 |a xo 
245 |a Technika a technológie v odpadovom hospodárstve 2009 :  |b Medzinárodný seminár. Zvolen, SR, 17. september 2009 
260 |a Zvolen :  |b Technická univerzita vo Zvolene,  |c 2009 
300 |a CD ROM 
650 7 |a odpadové hospodárstvo  |2 stusub 
996 |b 284M070999  |c M*CD-1491  |l MMKN  |s A  |a 24  |w stu190318_0001 
996 |b 284M070997  |c M*CD-1489  |l MMKN  |s A  |a 24  |w stu190318_0002 
996 |b 284M070998  |c M*CD-1490  |l MMKN  |s A  |a 24  |w stu190318_0003 
996 |b 284M071000  |c M*CD-1492  |l MMST  |s A  |a 24  |w stu190318_0004 
996 |b 284M071002  |c M*CD-1494  |l MMKN  |s A  |a 24  |w stu190318_0006